000 00698nam a2200229 i 4500
001 64961
003 ES-MaACL
005 20230906165253.0
007 t|
008 040107s1971 sp ||||1| spa d
080 _a821.111-31"19"
100 1 _aFowles, John.
_952017
245 1 3 _aLa mujer del teniente francés /
_cpor John Fowles ; [traducción de Ana Mª de la Fuente].
250 _a1ª ed.
260 _a[Esplugas de Llobregat, Barcelona] :
_bPlaza & Janés,
_c1971.
300 _a471 p. ;
_c20 cm.
490 1 _aNovelistas del día
700 1 _aFuente, Ana María de la.
_952831
830 1 _aNovelistas del día
_9180813
852 4 _aES-MaACL
_jC-41162
999 _c64961
_d64961